000 00934nmm a2200277 a 4500
001 ocm0001061877
003 TR-IsHL
005 20201028151059.0
008 150704s2015 tu tur
007 cr cn
020 _a9786051287805
035 _a1061877
_b(N$T)
050 0 4 _aPL65.K576
_bİ85 2015
090 0 4 _aPL65.K576
_bİ85 2015
100 1 _aİşler, Serdar Adem
245 1 0 _aKırgızca - Türkçe Аңгемелер hikayeler
_h[electronic resource] /
_cSerdar Adem İşler
250 _a2. bs.
260 _aİstanbul :
_bİkinci Adam Yayınları,
_c2015
300 _a307 p.
650 4 _aDil ve Edebiyat
650 4 _aLanguage and Literature
650 0 _aKısa hikayeler, Kırgız
650 0 _aShort stories, Kyrgyz
650 7 _aFOREIGN LANGUAGE STUDY / Turkish & Turkic Languages
_2bisacsh
856 4 0 _uhttp://search.ebscohost.com/login.aspx?direct=true&scope=site&db=e011xww&AN=1061877
999 _c10821
_d10821